Detalles MARC
| 000 -LEADER |
| fixed length control field |
01999nam a2200205 a 4500 |
| 008 - CAMPO DE CONTROL (LIBRO) |
| fixed length control field |
180306t2012 ag ||||g |||| 00| 1 spa d |
| 020 ## - INTERNATIONAL STANDARD BOOK NUMBER |
| ISBN |
9789876292412 |
| 041 ## - CODIGO DE IDIOMA |
| Código de idioma del texto/pista de sonido o título separado |
spa |
| 092 ## - SIGNATURA TOPOGRAFICA DEWEY LOCAL |
| número de clasificación |
507.2 |
| libristica |
19 |
| sección |
EDE |
| 100 1# - ENTRADA PRINCIPAL--NOMBRE PERSONAL |
| Nombre personal |
Edelsztein, Valeria |
| 9 (RLIN) |
4012 |
| 245 ## - TITULO PROPIAMENTE DICHO |
| Título |
Cientificas. |
| Subtítulo y Título paralelo |
Cocinan, limpian y ganan premio Nobel (y nadie se entera) / |
| Mención de responsabilidad y remanente de la transcripción de la portada |
Valeria Edelsztein |
| 250 ## - MENCION DE EDICION |
| Mención de edición |
1a ed. |
| 260 ## - PIE DE IMPRENTA |
| Lugar de publicación, distribución, etc |
Buenos Aires: |
| Nombre de la editorial, distribuidor, etc |
Siglo Veintiuno; |
| Fecha de publicación |
2012. |
| 300 ## - DESCRIPCION FISICA |
| Extension |
224 p. |
| Dimensiones |
19x14 cm. |
| 500 ## - NOTA GENERAL |
| Nota general |
Edelsztein, V. (2012). Científicas. Cocinan, limpian y ganan premio Nobel (y nadie se entera). (1a ed.). Buenos Aires : Siglo XXI. |
| 505 ## - NOTA DE CONTENIDO |
| Nota de contenido formateada |
Detrás de toda gran ciencia, muchas veces hay una gran mujer... pero casi nadie las conoce. Para repasa ese escándalo histórico, este libro pasa revista a las más increíbles, originales e ignoradas contribuciones científicas con las mujeres a lo largo del tiempo: desde Hipatia (la primera matemática de la historia, asesinada por su sabiduría) hasta Agnódice (quien ejercía la medicina vestida de hombre en el siglo III a.C.), desde la astrónoma musulmana Fátima (cuya existencia fue considerada "un error histórico") hasta Marie Curie (a quien la Academia Francesa de las Ciencias le negó el ingreso). Pese a que durante muchísimo tiempo no les fue permitido estudiar o enseñar en la universidad, participar de instituciones científicas o simplemente aprender sobre el mundo y sus circunstancias, existieron mujeres que se las ingeniaron para dejar su huella en la ciencia. La joven investigadora argentina Valeria Edelsztein pone la lupa sobre los inventos, los descubrimientos y las innovaciones de esas damas -hijas, madres, hermanas, esposas y, sobre todo, científicas- que se animaron a desafiar convenciones y prohibiciones, y nos cuenta sus apasionantes historias. Sin ellas el mundo sería muy distinto y, sin duda, mucho más aburrido. |
| 590 ## - NOTAS LOCALES (RLIN) |
| Nota local |
Donacion Prof. Susana Sánchez, febrero 2019 |
| 655 ## - MATERIA - GENERO/FORMA |
| Género/Forma |
Literatura |
| -- |
2917 |
| 942 ## - ADDED ENTRY ELEMENTS (KOHA) |
| Source of classification or shelving scheme |
Dewey Decimal Classification |
| Item type |
Libros |